Losowe państwa na mapie topologicznej - Statystyki

Ogólne statystyki
  • Ten quiz został rozwiązany 2 403 razy
  • Średni wynik to 10 z 20
Odpowiedzi na mapie
Odpowiedzi zakodowano w zielono-czerwonej skali na mapie do tego quizu, zgodnie z poniższymi procentami.
 
Statystyki odpowiedzi
Państwo % Poprawnych
Rosja
98%
Stany Zjednoczone
95%
Chiny
93%
Kanada
90%
Brazylia
84%
Meksyk
84%
Polska
84%
Indie
80%
Chile
78%
Włochy
78%
Niemcy
77%
Argentyna
74%
Francja
74%
Mali
72%
Republika Południowej Afryki
70%
Szwajcaria
70%
Algieria
69%
Ekwador
69%
Indonezja
69%
Turcja
69%
Białoruś
68%
Grecja
68%
Ukraina
68%
Boliwia
67%
Libia
67%
Egipt
65%
Iran
65%
Urugwaj
65%
Austria
64%
Kolumbia
64%
Paragwaj
64%
Wenezuela
64%
Gujana
63%
Hiszpania
63%
Jemen
63%
Kamerun
63%
Niger
63%
Peru
63%
Rumunia
63%
Dania
62%
Demokratyczna Republika Konga
62%
Litwa
62%
Oman
62%
Portugalia
62%
Słowacja
62%
Mongolia
61%
Watykan
61%
Bułgaria
60%
Honduras
60%
Nigeria
60%
Panama
60%
Etiopia
59%
Lesotho
59%
Malezja
59%
Mołdawia
59%
Somalia
59%
Belgia
58%
Maroko
58%
Norwegia
58%
Pakistan
58%
Węgry
58%
Zimbabwe
58%
Azerbejdżan
57%
Katar
57%
Łotwa
57%
Chorwacja
56%
Finlandia
56%
Kenia
56%
Salwador
56%
Senegal
56%
Serbia
56%
Uzbekistan
56%
Andora
55%
Irak
55%
Mozambik
55%
Sierra Leone
55%
Syria
55%
Burundi
54%
Gwatemala
54%
Holandia
54%
Izrael
54%
Korea Północna
54%
San Marino
54%
Sudan
54%
Czarnogóra
53%
Liban
53%
Liechtenstein
53%
Nepal
53%
Nikaragua
53%
Rwanda
53%
Tunezja
53%
Angola
52%
Czad
52%
Kirgistan
52%
Liberia
52%
Luksemburg
52%
Surinam
52%
Tanzania
52%
Arabia Saudyjska
51%
Belize
51%
Czechy
51%
Erytrea
51%
Estonia
51%
Gambia
51%
Korea Południowa
51%
Szwecja
51%
Jordania
50%
Malawi
50%
Zjednoczone Emiraty Arabskie
50%
Armenia
49%
Dżibuti
49%
Eswatini
49%
Gabon
49%
Kongo
49%
Kosowo
49%
Kostaryka
49%
Sudan Południowy
49%
Tajlandia
49%
Togo
49%
Albania
48%
Gruzja
48%
Uganda
48%
Botswana
47%
Laos
47%
Kazachstan
46%
Mauretania
46%
Turkmenistan
46%
Gwinea Równikowa
45%
Wybrzeże Kości Słoniowej
45%
Zambia
45%
Benin
44%
Bośnia i Hercegowina
44%
Gwinea
44%
Monako
44%
Tadżykistan
44%
Bangladesz
43%
Bhutan
43%
Kuwejt
43%
Mjanma
43%
Namibia
43%
Słowenia
43%
Wietnam
43%
Gwinea Bissau
42%
Macedonia Północna
42%
Papua-Nowa Gwinea
42%
Afganistan
41%
Kambodża
41%
Republika Środkowoafrykańska
41%
Burkina Faso
39%
Timor Wschodni
39%
Ghana
38%
Brunei
28%
Nie znaleziono quizów pasujących do podanych kryteriów
Rozkład punktacji
Procent ludzi z każdym wynikiem
Percentyl według liczby udzielonych odpowiedzi
Twoja historia wyników
Nie rozwiązałeś tego quizu